|
|
|
|
| LEADER |
00000nam0a2200000 4500 |
| 001 |
39749 |
| 005 |
20231101210557.0 |
| 035 |
|
|
|a (RuTPU)RU\TPU\book\40624
|
| 090 |
|
|
|a 39749
|
| 100 |
|
|
|a 20020411d1987 m y0rusy50 ca
|
| 101 |
0 |
|
|a rus
|
| 102 |
|
|
|a UA
|
| 105 |
|
|
|a a j 001zy
|
| 200 |
1 |
|
|a Элементы теории массового обслуживания и асимптотического анализа систем
|e учебное пособие для вузов
|f В. В. Анисимов, О. К. Закусило
|
| 210 |
|
|
|a Киев
|c Вища школа
|d 1987
|
| 215 |
|
|
|a 246 с.
|c ил.
|
| 320 |
|
|
|a Библиогр.: с. 247
|
| 320 |
|
|
|a Предм. указ.: с. 246
|
| 606 |
|
|
|a Массового обслуживания теория
|2 stltpush
|3 (RuTPU)RU\TPU\subj\41145
|9 60962
|
| 610 |
1 |
|
|a массовое обслуживание
|
| 610 |
1 |
|
|a теория
|
| 610 |
1 |
|
|a асимптотические методы
|
| 610 |
1 |
|
|a учебные пособия
|
| 610 |
1 |
|
|a системы
|
| 610 |
1 |
|
|a моделирование
|
| 675 |
|
|
|a 519.872(075.8)
|v 3
|
| 700 |
|
1 |
|a Анисимов
|b В. В.
|g Владимир Владиславович
|
| 701 |
|
1 |
|a Закусило
|b О. К.
|g Олег Каленикович
|
| 801 |
|
1 |
|a RU
|b 63413507
|c 20020411
|g PSBO
|
| 801 |
|
2 |
|a RU
|b 63413507
|c 20140926
|g PSBO
|
| 942 |
|
|
|c BK
|